| 000 | 02402nam a2200337 i 4500 | ||
|---|---|---|---|
| 001 | 000025991 | ||
| 003 | DO-SdBNP | ||
| 005 | 20260321073641.0 | ||
| 007 | ta | ||
| 008 | 110225s1988 dr 000 0 spa d | ||
| 040 |
_aDO-SdBNP _bspa _cBNPHU _erda |
||
| 041 | _hspa | ||
| 082 | 4 |
_a972.93 _bB742d _222 |
|
| 100 | 1 |
_a Bosch, Juan, _d1909-2001 _eautor _4aut. _976555 |
|
| 245 | 1 | 4 |
_aLas dictaduras dominicanas / _cJuan Bosch. |
| 264 | 1 |
_aSanto Domingo, República Dominicana : _bEditora Alfa & Omega ; _c1988. |
|
| 300 |
_a207 páginas ; _c21 cm. |
||
| 336 |
_atexto _btxt _2rdacontent |
||
| 337 |
_asin mediación _bn _2rdamedia |
||
| 338 |
_avolumen _bnc _2rdacarrier |
||
| 505 | 0 |
_aPalabras de introducción -- _tUna colonia despoblada -- _tLa aparición del capitalismo en nuestro país -- _tSituación de desorden general -- _tEl país desconocía el orden -- _tLo que era el país en el año 1888 -- _tLo que era el país en el año 1888 -- _tEl panorama de un país sin caminos -- _tEl tránsito del precapitalismo al capitalismo -- _tSe reanuda el estado de desorden general -- _tBolos contra rabuses y rabuses contra bolos -- _tCada quien hacía lo que le daba la gana -- _tEl desorden general en el año 1906 -- _tGuayubín, un general de esos tiempos -- _tMás guerras y la división de los bolos -- _tDesiderio Arias. Su papel en la actividad política nacional -- _tOcupación militar del país por Estados Unidos -- _tLa ley de registro de tierras -- _tLa situación económica hacia el año 1920 -- _tEl atraso en la sociedad y en el comercio -- _tLas puertas del poder se abren para Trujillo -- _tTrujillo: único jefe militar y político del país -- _tUso constante del terror trujillista -- _tLos asesinatos dentro y fuera del país -- _tPlanes de asesinatos de presidentes caribeños -- _tLa acumulación originaria trujillista -- _tLa situación económica del país en 1930 -- _tEl impulso al desarrollo industrial, obra de la dictadura de Trujillo. |
|
| 590 | _aInventariado, 2023/BT | ||
| 600 | 1 | 4 |
_aHeureaux, Ulises, _d1845-1899 _9598 |
| 600 | 1 | 4 |
_aTrujillo Molina, Rafael Leónidas, _d 1891-1961 _976764 |
| 650 | 4 |
_aPresidentes _zRepública Dominicana _9599 |
|
| 650 | 4 |
_aDictadores _zRepública Dominicana _9601 |
|
| 651 | 4 |
_aRepública Dominicana _xHistoria _9170 |
|
| 651 | 0 |
_aRepública Dominicana _xPolítica y gobierno _945 |
|
| 910 | _aValidado. Control de calidad. MMOLINA | ||
| 942 |
_2ddc _cLBS1 |
||
| 999 |
_c25483 _d25483 |
||